000 01838nam a2200253Ia 4500
999 _c51779
_d51779
001 18771
003 GE_BSU
005 20220920104100.0
008 181216s2012||||ge |||||||||||||| ||geo||
040 _cGE_BSU
041 _ageo
080 _a61 ნ-48
100 _aნემსაძე, გრიგოლ
_911660
245 _aმრავალშრიანი სპირალური კომპიუტერული ტომოგრაფიის როლი და ადგილი პოლიტრამვის სადიაგნოსტიკო რადიოლოგიურ ალგორითმში : დისერტაცია/
_cგრიგოლ ნემსაძე ; სამეცნიერო ხელმძღვანელი : ოთარ ურუშაძე : თბილისის სახელმწიფო სამედიცინო უნივერსიტეტი.
264 _aთბილისი,
_c2012.
300 _a221გვ. ;
_b30 სმ.
653 _aდისერტაცია
653 _aმედიცინა
653 _aკომპიუტერული ტომოგრაფია
653 _aმრავალშრიანი სპირალური კომპიუტერული ტომოგრაფიის როლი და ადგილი პოლიტრამვის სადიაგნოსტიკო რადიოლოგიურ ალგორითმში.
700 _aურუშაძე, ოთარ
_eსამეცნიერო ხელმძღვანელი
_911661
710 _aთბილისის სახელმწიფო სამედიცინო უნივერსიტეტი
_911662
942 _cBK
_2udc